La Semana naval de Barcelona : crónica de los actos crónica de los actos
Descripción Física:
57 p. . il. ; 27 cm
MARC
| LEADER | 00000nam a2200000Ia 4500 | ||
|---|---|---|---|
| 001 | 2170 | ||
| 008 | 160829s1967 xx 000 0 cat d | ||
| 080 | |a M-1-310 | ||
| 245 | |a La Semana naval de Barcelona : |b crónica de los actos | ||
| 260 | |a Barcelona : |b Diputación Provincial de Barcelona, |c 1967 | ||
| 300 | |a 57 p. . il. ; |c 27 cm | ||
| 590 | |a Imprès sobre pàgines de colors: groc, blanc i blau. | ||
| 650 | |a Marina de guerra |9 31576 | ||
| 650 | 0 | |a Franquisme |9 31577 | |
| 901 | |a Arxiu | ||
| 942 | |n 1 | ||
| 952 | |0 0 |1 0 |4 0 |6 M1310 |7 1 |9 45676 |a Arxiu |b Arxiu |d 2016-12-01 |l 0 |o M-1-310 |p 2170 |r 2016-12-01 00:00:00 |w 2016-12-01 |y ARXIU | ||
| 999 | |c 49176 |d 49176 | ||